000 00805pam a2200265 a 4500
001 1491729
003 Ke-BoTe
005 20220608110718.0
008 880224s1988 moua b 001 0 eng
010 _a 88005214
020 _a0801625696 (pbk.)
040 _aDLC
_cDLC
_dDLC
050 1 0 _aRT120.I5
_bS7 1988
082 0 0 _a610.73/61
_219
245 0 0 _aStandards for critical care /
_cBrenda Crispell Johanson ... [et al.].
250 _a3rd ed.
260 _aSt. Louis :
_bC.V. Mosby,
_c1988.
300 _ax, 693 p. :
_bill. ;
_c28 cm.
500 _aIncludes index.
504 _aBibliography: p. 628-642.
650 0 _aIntensive care nursing
_xStandards.
_97889
700 1 _aJohanson, Brenda Crispell,
_d1950-
_97890
906 _a7
_bcbc
_corignew
_d1
_eocip
_f19
_gy-gencatlg
942 _2lcc
_cBK
_n0
999 _c3708
_d3708